000 00357nam a2200133 i 4500
001 bg
100 1 _aHAMMET, Louis P.
245 0 _aFizyczna chemia organiczna :
_bszybkość,równowagi i mechanizmy reakcji /
_cLouis P. Hammet.
260 _aWarszawa,
_c1976.
040 _cBPK
041 _apol
942 _cKS
008 s pl f |000 0 pol
999 _c16738
_d16738
856 _uhttp://koha.tu.koszalin.pl/cgi-bin/koha/opac-detail.pl?biblionumber=16738
_yKatalog online BPK